[Event "Bergamo op 12th"]
[Site "Bergamo"]
[Date "2013.07.21"]
[Round "5"]
[White "Napoli, Nicolo"]
[Black "Rota, Simone"]
[Result "1-0"]
[WhiteElo "2291"]
[BlackElo "2037"]
[PlyCount "81"]
[EventDate "2013.07.19"]
[EventType "swiss"]
[EventRounds "6"]
[EventCountry "ITA"]
[SourceTitle "EXT 2024"]
[Source "ChessBase"]
[SourceDate "2023.10.10"]
[SourceVersion "1"]
[SourceVersionDate "2023.10.10"]
[SourceQuality "1"]

1. e4 c5 2. Nf3 d6 3. a3 Nc6 4. b4 a6 5. Bb2 e6 6. Nc3 Nf6 7. bxc5 dxc5 8. e5 Nd5 9. Ne4 Be7 10. h4 Qc7 11. h5 Rg8 12. h6 g6 13. Nfg5 Bxg5 14. Nxg5 Rh8 15. c4 Nb6 16. Qf3 Qe7 17. Ne4 Na4 18. Nd6+ Kf8 19. Qb3 Nxb2 20. Qxb2 Qg5 21. Ne4 Qxe5 22. Qxe5 Nxe5 23. Nxc5 Ke7 24. Rb1 Nd7 25. Na4 Rd8 26. Be2 Ne5 27. Rh3 b5 28. Nb6 Rb8 29. Nxc8+ Rdxc8 30. cxb5 axb5 31. Rhb3 b4 32. a4 Nc6 33. Kd1 Nd4 34. Rxb4 Rxb4 35. Rxb4 Nxe2 36. Kxe2 Rc7 37. f4 Kf6 38. a5 g5 39. a6 Ra7 40. fxg5+ Kxg5 41. Ra4 1-0

[Event "Bergamo op 12th"]
[Site "Bergamo"]
[Date "2013.07.19"]
[Round "1"]
[White "Rota, Simone"]
[Black "Aghayev, Miragha"]
[Result "0-1"]
[WhiteElo "2037"]
[BlackElo "2299"]
[PlyCount "96"]
[EventDate "2013.07.19"]
[EventType "swiss"]
[EventRounds "6"]
[EventCountry "ITA"]
[SourceTitle "EXT 2024"]
[Source "ChessBase"]
[SourceDate "2023.10.10"]
[SourceVersion "1"]
[SourceVersionDate "2023.10.10"]
[SourceQuality "1"]

1. d4 Nf6 2. c4 g6 3. Nf3 Bg7 4. Nc3 d5 5. Bf4 c5 6. e3 0-0 7. Be2 cxd4 8. Nxd4 dxc4 9. 0-0 Qa5 10. Qa4 Qxa4 11. Nxa4 Nbd7 12. Bg3 Ne4 13. Bc7 e5 14. Nb5 a6 15. Nd6 Nef6 16. Nb6 Nxb6 17. Bxb6 Nd5 18. Nxc4 Be6 19. Rac1 Rac8 20. Ba5 Rc6 21. Bd2 e4 22. b3 Rfc8 23. a4 b6 24. Rfd1 g5 25. Kf1 Bf8 26. Ne5 Rxc1 27. Rxc1 Rxc1+ 28. Bxc1 Bd6 29. Nc6 Nc3 30. Nd4 Nxe2 31. Kxe2 Bg4+ 32. Kd2 Bxh2 33. g3 h5 34. Ba3 h4 35. gxh4 gxh4 36. Be7 h3 37. Ke1 Be5 38. Kf1 h2 39. Kg2 Bf3+ 40. Nxf3 exf3+ 41. Kh1 f5 42. Bd8 b5 43. Bg5 Bg3 44. Bf4 Bxf2 45. Kxh2 Kf7 46. axb5 axb5 47. b4 Ke6 48. Bc7 Kd5 0-1

[Event "Bergamo Province-ch"]
[Site "Bergamo"]
[Date "2013.01.27"]
[Round "6"]
[White "Pecorario, Stefano"]
[Black "Rota, Simone"]
[Result "1-0"]
[WhiteElo "1785"]
[BlackElo "2039"]
[PlyCount "51"]
[EventDate "2013.01.19"]
[EventType "swiss"]
[EventRounds "6"]
[EventCountry "ITA"]
[SourceTitle "EXT 2024"]
[Source "ChessBase"]
[SourceDate "2023.10.10"]
[SourceVersion "1"]
[SourceVersionDate "2023.10.10"]
[SourceQuality "1"]

1. e4 c5 2. Nf3 d6 3. d4 cxd4 4. Nxd4 Nf6 5. Nc3 e6 6. Be2 Be7 7. 0-0 0-0 8. f4 Nc6 9. Be3 Bd7 10. a4 Nxd4 11. Bxd4 Bc6 12. Bd3 Nd7 13. b4 e5 14. Be3 b6 15. Nd5 Bxd5 16. exd5 Bf6 17. Ra3 exf4 18. Bxf4 Ne5 19. Bxh7+ Kxh7 20. Qh5+ Kg8 21. Rh3 Nf3+ 22. Rfxf3 Bd4+ 23. Be3 Bxe3+ 24. Rxe3 f6 25. Qh7+ Kf7 26. Qxg7+ 1-0

[Event "Bergamo Province-ch"]
[Site "Bergamo"]
[Date "2013.01.26"]
[Round "4"]
[White "Ranfagni, Stefano"]
[Black "Rota, Simone"]
[Result "0-1"]
[WhiteElo "2040"]
[BlackElo "2039"]
[PlyCount "102"]
[EventDate "2013.01.19"]
[EventType "swiss"]
[EventRounds "6"]
[EventCountry "ITA"]
[SourceTitle "EXT 2024"]
[Source "ChessBase"]
[SourceDate "2023.10.10"]
[SourceVersion "1"]
[SourceVersionDate "2023.10.10"]
[SourceQuality "1"]

1. e4 c5 2. Nc3 Nc6 3. f4 d6 4. Nf3 e6 5. Bb5 Bd7 6. d3 Nge7 7. 0-0 a6 8. Bxc6 Bxc6 9. Qe1 d5 10. Ne5 Qc7 11. Nxc6 Qxc6 12. a4 d4 13. Ne2 g6 14. Ng3 f5 15. exf5 exf5 16. Qe5 Rg8 17. Re1 Rd8 18. Bd2 Qd6 19. Qe2 Kf7 20. Qf3 Qd5 21. Qxd5+ Nxd5 22. Nf1 Bd6 23. g3 Rge8 24. Kf2 Rxe1 25. Rxe1 Re8 26. Rxe8 Kxe8 27. h3 b5 28. axb5 axb5 29. b3 b4 30. Kf3 h5 31. g4 hxg4+ 32. hxg4 Kf7 33. gxf5 gxf5 34. Ng3 Kg6 35. Ne2 Nc7 36. Bc1 Nb5 37. Bb2 Be7 38. Kg3 Kh5 39. Kf3 Bh4 40. Bc1 Be1 41. Bb2 Na3 42. Bxa3 bxa3 43. Nc1 Bd2 44. Na2 Kh4 45. Ke2 Bxf4 46. c3 Kg3 47. cxd4 cxd4 48. b4 Kg2 49. b5 Bb8 50. Kd2 f4 51. Kc2 f3 0-1

[Event "Bergamo Province-ch"]
[Site "Bergamo"]
[Date "2013.01.20"]
[Round "2"]
[White "Oteri, Aldo"]
[Black "Rota, Simone"]
[Result "1/2-1/2"]
[WhiteElo "1794"]
[BlackElo "2039"]
[PlyCount "83"]
[EventDate "2013.01.19"]
[EventType "swiss"]
[EventRounds "6"]
[EventCountry "ITA"]
[SourceTitle "EXT 2024"]
[Source "ChessBase"]
[SourceDate "2023.10.10"]
[SourceVersion "1"]
[SourceVersionDate "2023.10.10"]
[SourceQuality "1"]

1. e4 c5 2. Nf3 d6 3. d4 cxd4 4. Nxd4 Nf6 5. Nc3 e6 6. Bg5 Be7 7. f4 h6 8. Bh4 Nxe4 9. Bxe7 Nxc3 10. Bxd8 Nxd1 11. Bc7 Nxb2 12. Bb5+ Bd7 13. Bxd6 a6 14. Rb1 Bxb5 15. Rxb2 Kd7 16. Nxb5 axb5 17. Bxb8 Rhxb8 18. 0-0 Kc6 19. f5 e5 20. f6 g6 21. Re1 Re8 22. Re4 Re6 23. c4 Ra5 24. g4 b4 25. h4 Rxf6 26. Rxb4 b6 27. a4 Rf4 28. Rxf4 exf4 29. c5 bxc5 30. Rxf4 Ra7 31. Kf2 Kd5 32. Ke3 c4 33. h5 Rxa4 34. Rxf7 Ra3+ 35. Kd2 gxh5 36. Rf5+ Kd4 37. Rxh5 Ra2+ 38. Kc1 Rg2 39. Rxh6 Rxg4 40. Rh2 Rg3 41. Kc2 Kc5 42. Rh8 1/2-1/2

[Event "Bergamo Province-ch"]
[Site "Bergamo"]
[Date "2013.01.19"]
[Round "1"]
[White "Rota, Simone"]
[Black "Biava, Pierluigi"]
[Result "1-0"]
[WhiteElo "2039"]
[BlackElo "1653"]
[PlyCount "93"]
[EventDate "2013.01.19"]
[EventType "swiss"]
[EventRounds "6"]
[EventCountry "ITA"]
[SourceTitle "EXT 2024"]
[Source "ChessBase"]
[SourceDate "2023.10.10"]
[SourceVersion "1"]
[SourceVersionDate "2023.10.10"]
[SourceQuality "1"]

1. d4 Nf6 2. c4 e6 3. Nf3 b6 4. g3 Bb7 5. Bg2 Bb4+ 6. Bd2 Qe7 7. 0-0 0-0 8. Nc3 d5 9. Ne5 c5 10. dxc5 Bxc5 11. cxd5 exd5 12. Nd3 Nbd7 13. Nf4 Rfe8 14. Ncxd5 Nxd5 15. Bxd5 Bxd5 16. Nxd5 Qe5 17. Bc3 Qb8 18. Qa4 Qb7 19. Rad1 Ne5 20. Qe4 Qb8 21. Qf5 Ng6 22. Rfe1 Qc8 23. Qxc8 Raxc8 24. Kg2 Ne7 25. Nf4 Rcd8 26. Nh5 f6 27. Nf4 Kf7 28. h4 Ng6 29. Nd3 Bd4 30. Bxd4 Rxd4 31. h5 Nf8 32. e3 Rd7 33. Nb4 Red8 34. Rxd7+ Rxd7 35. Re2 Ne6 36. Rc2 Nc5 37. Nc6 a5 38. Nd4 Rd5 39. g4 g6 40. hxg6+ hxg6 41. Rc4 Rg5 42. Nf3 Rd5 43. b4 Nd7 44. Kg3 Ne5 45. Nxe5+ Rxe5 46. Rc7+ Ke6 47. Rc6+ 1-0

[Event "Milan SSM op"]
[Site "Milan"]
[Date "2011.07.30"]
[Round "2"]
[White "Rota, Simone"]
[Black "Poletto, Daniele"]
[Result "1-0"]
[WhiteElo "2020"]
[BlackElo "1803"]
[PlyCount "87"]
[EventDate "2011.07.29"]
[EventType "swiss"]
[EventRounds "7"]
[EventCountry "ITA"]
[SourceTitle "EXT 2014"]
[Source "ChessBase"]
[SourceDate "2013.11.20"]
[SourceVersion "1"]
[SourceVersionDate "2013.11.20"]
[SourceQuality "1"]

1. d4 Nf6 2. c4 g6 3. Nf3 Bg7 4. Nc3 0-0 5. e4 d6 6. Be2 e5 7. 0-0 exd4 8. Nxd4 Re8 9. Bf3 Nbd7 10. Bg5 h6 11. Bh4 g5 12. Bg3 Nc5 13. Nf5 Ncxe4 14. Nxg7 Kxg7 15. Qd4 c5 16. Qd3 Nxg3 17. fxg3 Ng4 18. Nb5 Ne5 19. Qxd6 Qxd6 20. Nxd6 Nxf3+ 21. Rxf3 Re7 22. Raf1 Be6 23. b3 b6 24. Re3 Rd7 25. Nb5 a6 26. Nc3 Rad8 27. Na4 Rd2 28. Nxb6 Rxa2 29. Ref3 Rdd2 30. R3f2 Rxf2 31. Rxf2 Ra1+ 32. Rf1 Ra3 33. Rb1 Bf5 34. Rb2 Ra1+ 35. Kf2 Rd1 36. Na4 Rd6 37. Nxc5 Rb6 38. Ra2 Bc8 39. Ke3 Kf6 40. h3 Ke5 41. Nd3+ Kf6 42. Nc5 Ke5 43. Ra5 f5 44. Nd7+ 1-0

[Event "Milan Crespi op-A 31st"]
[Site "Milan"]
[Date "2010.12.08"]
[Round "5"]
[White "Nicolo, Filippo"]
[Black "Rota, Simone"]
[Result "1-0"]
[WhiteElo "2060"]
[BlackElo "2006"]
[PlyCount "53"]
[EventDate "2010.12.04"]
[EventType "swiss"]
[EventRounds "9"]
[EventCountry "ITA"]
[SourceTitle "CBM 139 Extra"]
[Source "ChessBase"]
[SourceDate "2011.01.05"]
[SourceVersion "1"]
[SourceVersionDate "2011.01.05"]
[SourceQuality "1"]

1. e4 c5 2. Nc3 d6 3. f4 e6 4. Nf3 Nc6 5. Bc4 a6 6. a4 g6 7. 0-0 Bg7 8. d3 Nge7 9. Qe1 Nd4 10. Nxd4 Bxd4+ 11. Kh1 Bg7 12. f5 gxf5 13. exf5 Bxc3 14. Qxc3 e5 15. Bg5 Qc7 16. d4 exd4 17. Qb3 Nc6 18. Rae1+ Ne5 19. Bf6 Rg8 20. Qh3 Kd7 21. Qxh7 Rg4 22. Bd5 Qb8 23. Qxf7+ Nxf7 24. Re7+ Kd8 25. Rxf7+ Ke8 26. Re1+ Be6 27. Bxe6 1-0

[Event "Bergamo op 09th"]
[Site "Bergamo"]
[Date "2010.07.17"]
[Round "4"]
[White "Quagliarella, Sabino Remo"]
[Black "Rota, Simone"]
[Result "1/2-1/2"]
[WhiteElo "1946"]
[BlackElo "2034"]
[PlyCount "98"]
[EventDate "2010.07.16"]
[EventType "swiss"]
[EventRounds "6"]
[EventCountry "ITA"]
[SourceTitle "EXT 2024"]
[Source "ChessBase"]
[SourceDate "2023.10.10"]
[SourceVersion "1"]
[SourceVersionDate "2023.10.10"]
[SourceQuality "1"]

1. d4 d5 2. c4 e6 3. Nf3 Nf6 4. Bg5 c6 5. e3 Be7 6. Nc3 Nbd7 7. Rc1 0-0 8. Bd3 Re8 9. 0-0 Nf8 10. Ne5 dxc4 11. Bxc4 Nd5 12. Bxe7 Qxe7 13. e4 Nb6 14. Bb3 Nfd7 15. Nd3 e5 16. d5 cxd5 17. Bxd5 Rf8 18. Qe2 Nf6 19. Bb3 Be6 20. Bxe6 Qxe6 21. Nc5 Qe7 22. Qb5 Rac8 23. b4 Rc6 24. Rfd1 a6 25. Qe2 Re8 26. Rc2 h6 27. h3 Nbd7 28. Nxd7 Nxd7 29. Nd5 Qe6 30. Rxc6 Qxc6 31. Qd2 Nf6 32. f3 Nxd5 33. Qxd5 Qb6+ 34. Qc5 Qe6 35. Qa5 Rc8 36. Rd8+ Rxd8 37. Qxd8+ Kh7 38. Qd5 Qb6+ 39. Qc5 Qe6 40. a4 f6 41. a5 Qd7 42. Qb6 Qd1+ 43. Kh2 Qd7 44. Kg3 Kg6 45. Qc5 Kh7 46. Qd5 Qe7 47. b5 axb5 48. Qxb5 Qc7 49. Qd5 Qc3 1/2-1/2

[Event "ITA-ch sf 70th"]
[Site "Torino"]
[Date "2010.06.27"]
[Round "9"]
[White "Rota, Simone"]
[Black "Molina, Fabrizio"]
[Result "0-1"]
[WhiteElo "2019"]
[BlackElo "2211"]
[PlyCount "116"]
[EventDate "2010.06.20"]
[EventType "swiss"]
[EventRounds "9"]
[EventCountry "ITA"]
[SourceTitle "CBM 137 Extra"]
[Source "ChessBase"]
[SourceDate "2010.09.01"]
[SourceVersion "1"]
[SourceVersionDate "2010.09.01"]
[SourceQuality "1"]

1. d4 d5 2. c4 c6 3. Nf3 Nf6 4. e3 Bf5 5. Bd3 Bxd3 6. Qxd3 e6 7. 0-0 Nbd7 8. Nc3 Bb4 9. a3 Bxc3 10. Qxc3 0-0 11. b3 b5 12. c5 Ne4 13. Qc2 a5 14. Nd2 f5 15. f3 Nxd2 16. Bxd2 Qf6 17. Bc3 a4 18. b4 g5 19. Rae1 Qg6 20. Re2 Nf6 21. Be1 Qh6 22. Bc3 Ra7 23. Bd2 Rg7 24. Qc1 Qh5 25. Qe1 g4 26. Kh1 Rg6 27. f4 Ne4 28. g3 Qh3 29. Rg1 Rh6 30. Rgg2 Rff6 31. Kg1 Rf7 32. Qc1 Qh5 33. Be1 Qg6 34. Qc2 Rh3 35. Qc1 h5 36. Bf2 Rh7 37. Qe1 Kf7 38. Kf1 Rg7 39. Rc2 Qh7 40. Bg1 h4 41. Ke2 hxg3 42. hxg3 Rh1 43. Kd3 Rg6 44. Rce2 Rgh6 45. Kc2 R6h3 46. Kd3 Ke7 47. Kc2 Kd7 48. Kd3 Ke8 49. Kc2 Ng5 50. Kc3 Nf3 51. Qc1 Kd7 52. Kb2 Nxg1 53. Rxg1 Rxg1 54. Qxg1 Rh1 55. Qf2 Qh3 56. e4 dxe4 57. d5 exd5 58. Qe3 Qh8+ 0-1

[Event "ITA-ch sf 70th"]
[Site "Torino"]
[Date "2010.06.21"]
[Round "2"]
[White "Rota, Simone"]
[Black "Bianco, Valerio"]
[Result "0-1"]
[WhiteElo "2019"]
[BlackElo "2210"]
[PlyCount "76"]
[EventDate "2010.06.20"]
[EventType "swiss"]
[EventRounds "9"]
[EventCountry "ITA"]
[SourceTitle "CBM 137 Extra"]
[Source "ChessBase"]
[SourceDate "2010.09.01"]
[SourceVersion "1"]
[SourceVersionDate "2010.09.01"]
[SourceQuality "1"]

1. d4 d5 2. c4 c6 3. Nf3 Nf6 4. e3 e6 5. Nc3 Nbd7 6. Qc2 b6 7. Be2 Bb7 8. b3 Be7 9. 0-0 Qc7 10. Bb2 Rd8 11. Rfd1 0-0 12. Rac1 Qb8 13. h3 Rfe8 14. Bd3 h6 15. Qe2 Bd6 16. e4 e5 17. dxe5 Nxe5 18. cxd5 cxd5 19. Bb5 Nxf3+ 20. Qxf3 dxe4 21. Qe2 Re7 22. Na4 Be5 23. Ba3 Rc7 24. Bc4 Rcd7 25. Rxd7 Rxd7 26. Bb5 Rc7 27. Rd1 Qc8 28. Rd2 Kh7 29. Qd1 Qf5 30. Bc4 Qg5 31. Bf1 e3 32. Rc2 Qf4 33. fxe3 Qxe3+ 34. Kh1 Qxh3+ 35. Kg1 Qe3+ 36. Kh1 Rxc2 37. Qxc2+ Be4 38. Qd1 Bd4 0-1

[Event "ITA-ch sf 70th"]
[Site "Torino"]
[Date "2010.06.20"]
[Round "1"]
[White "Damia, Angelo"]
[Black "Rota, Simone"]
[Result "1-0"]
[WhiteElo "2281"]
[BlackElo "2019"]
[PlyCount "69"]
[EventDate "2010.06.20"]
[EventType "swiss"]
[EventRounds "9"]
[EventCountry "ITA"]
[SourceTitle "CBM 137 Extra"]
[Source "ChessBase"]
[SourceDate "2010.09.01"]
[SourceVersion "1"]
[SourceVersionDate "2010.09.01"]
[SourceQuality "1"]

1. e4 c5 2. Nf3 d6 3. d4 cxd4 4. Qxd4 Nc6 5. Bb5 Bd7 6. Bxc6 Bxc6 7. c4 Nf6 8. Nc3 g6 9. Be3 Bg7 10. Qd3 0-0 11. 0-0 a6 12. Rfd1 Qa5 13. Bd4 Rfd8 14. b4 Qh5 15. Nd5 Nxd5 16. exd5 Bd7 17. Bxg7 Kxg7 18. Qd4+ Kg8 19. Re1 e5 20. Qb6 Bh3 21. Re3 Bxg2 22. Kxg2 Qg4+ 23. Kh1 Qxc4 24. Qxb7 Rab8 25. Qc6 Qxb4 26. Qxa6 Qb2 27. Rae1 Ra8 28. Qe2 Rxa2 29. Qxb2 Rxb2 30. Kg2 Rc8 31. Ng5 f5 32. Rh3 Rd2 33. Rxh7 Rc4 34. Ra1 Rg4+ 35. Kf1 1-0

[Event "Lombardia Region-ch"]
[Site "Solaro"]
[Date "2010.05.28"]
[Round "1"]
[White "Rota, Simone"]
[Black "Schingaro, Angelo"]
[Result "1-0"]
[WhiteElo "2019"]
[BlackElo "1714"]
[PlyCount "73"]
[EventDate "2010.05.28"]
[EventType "swiss"]
[EventRounds "5"]
[EventCountry "ITA"]
[SourceTitle "EXT 2024"]
[Source "ChessBase"]
[SourceDate "2023.10.10"]
[SourceVersion "1"]
[SourceVersionDate "2023.10.10"]
[SourceQuality "1"]

1. d4 d5 2. c4 c6 3. Nf3 Nf6 4. e3 e6 5. Nc3 Nbd7 6. Bd3 a6 7. 0-0 dxc4 8. Bxc4 b5 9. Bd3 Bb7 10. Qe2 c5 11. Rd1 b4 12. Na4 Qa5 13. b3 Ne4 14. Nd2 f5 15. Nxe4 fxe4 16. Bc4 Nb6 17. Nxb6 Qxb6 18. Qh5+ g6 19. Qe5 Rg8 20. Qxe6+ Qxe6 21. Bxe6 Rg7 22. d5 Bd6 23. Bb2 Rc7 24. f3 exf3 25. gxf3 Ke7 26. e4 Bf4 27. e5 Ke8 28. d6 Rc6 29. Rd3 a5 30. Re1 Rb6 31. Bc1 Ba6 32. Rdd1 g5 33. Bxf4 gxf4 34. Re4 a4 35. Rxf4 axb3 36. axb3 Be2 37. Rg4 1-0

[Event "Ceriano Laghetto op-A 19th"]
[Site "Ceriano Laghetto"]
[Date "2010.03.??"]
[Round "2"]
[White "Rambaldi, Francesco"]
[Black "Rota, Simone"]
[Result "1/2-1/2"]
[WhiteElo "1952"]
[BlackElo "2041"]
[PlyCount "61"]
[EventDate "2010.03.??"]
[EventType "swiss"]
[EventRounds "5"]
[EventCountry "ITA"]
[SourceTitle "EXT 2024"]
[Source "ChessBase"]
[SourceDate "2023.10.10"]
[SourceVersion "1"]
[SourceVersionDate "2023.10.10"]
[SourceQuality "1"]

1. e4 c5 2. Nf3 d6 3. d4 cxd4 4. Nxd4 Nf6 5. Nc3 e6 6. Be2 Be7 7. Be3 Nc6 8. 0-0 0-0 9. f4 Bd7 10. Qe1 Nxd4 11. Bxd4 Bc6 12. Bd3 Re8 13. Qg3 Bf8 14. Rad1 Qe7 15. Bxf6 Qxf6 16. e5 Qd8 17. exd6 Bxd6 18. Kh1 Qc7 19. Bxh7+ Kxh7 20. Qd3+ Kg8 21. Qxd6 Qb6 22. b3 Rad8 23. Qe5 Rxd1 24. Nxd1 Qa6 25. Re1 Qxa2 26. Ne3 Qa6 27. Nc4 Bd5 28. Ne3 Bc6 29. Nc4 Bd5 30. Ne3 Bc6 31. Nc4 1/2-1/2

[Event "Milan Epiphany op"]
[Site "Milan"]
[Date "2010.01.06"]
[Round "7"]
[White "Marinone, Lucio"]
[Black "Rota, Simone"]
[Result "1-0"]
[WhiteElo "1997"]
[BlackElo "2024"]
[PlyCount "103"]
[EventDate "2010.01.02"]
[EventType "swiss"]
[EventRounds "7"]
[EventCountry "ITA"]
[SourceTitle "EXT 2024"]
[Source "ChessBase"]
[SourceDate "2023.10.10"]
[SourceVersion "1"]
[SourceVersionDate "2023.10.10"]
[SourceQuality "1"]

1. d4 d5 2. Nf3 e6 3. c4 c6 4. Qc2 Nf6 5. Bg5 Be7 6. e3 Nbd7 7. Bd3 0-0 8. 0-0 Re8 9. Nc3 a6 10. c5 h6 11. Bh4 Nh5 12. Bxe7 Qxe7 13. Ne5 Nhf6 14. f4 Nf8 15. b4 N6d7 16. Rae1 f6 17. Nxd7 Qxd7 18. Na4 Qc7 19. Nb6 Rb8 20. e4 Nd7 21. exd5 Nxb6 22. Bg6 Rf8 23. cxb6 Qxb6 24. dxe6 Qxd4+ 25. Kh1 Bxe6 26. Rxe6 Qxb4 27. Qb3 a5 28. Rxf6+ Qxb3 29. Rxf8+ Kxf8 30. axb3 b5 31. Ra1 Ra8 32. Be4 Ra6 33. Rc1 a4 34. bxa4 Rxa4 35. Bxc6 Rxf4 36. Bxb5 Ke7 37. g3 Rb4 38. Bd3 Rb2 39. Rc2 Rb3 40. Bc4 Rb4 41. Kg2 g5 42. Be2 Kf6 43. Rc6+ Kg7 44. Bh5 Rb7 45. Kh3 Ra7 46. Kg4 Rb7 47. Kf5 Re7 48. Rg6+ Kh7 49. Re6 Ra7 50. Kf6 Ra8 51. Re7+ Kg8 52. Re8+ 1-0

[Event "Milan Epiphany op"]
[Site "Milan"]
[Date "2010.01.04"]
[Round "4"]
[White "Rota, Simone"]
[Black "Bemporad, Filippo"]
[Result "1-0"]
[WhiteElo "2024"]
[BlackElo "2081"]
[PlyCount "59"]
[EventDate "2010.01.02"]
[EventType "swiss"]
[EventRounds "7"]
[EventCountry "ITA"]
[SourceTitle "EXT 2024"]
[Source "ChessBase"]
[SourceDate "2023.10.10"]
[SourceVersion "1"]
[SourceVersionDate "2023.10.10"]
[SourceQuality "1"]

1. d4 d5 2. c4 c6 3. Nf3 Nf6 4. Nc3 g6 5. cxd5 cxd5 6. Bf4 Bg7 7. e3 0-0 8. Bd3 Nc6 9. h3 b6 10. 0-0 Bb7 11. Rc1 Rc8 12. Qa4 a6 13. b4 b5 14. Qb3 e6 15. a4 bxa4 16. Nxa4 Nb8 17. Nc5 Qb6 18. Qa3 Rfd8 19. Ra1 Ne8 20. Qa5 Qa7 21. b5 Bf8 22. Nxa6 Bxa6 23. b6 Qb7 24. Bxa6 Nxa6 25. Qxa6 Qxa6 26. Rxa6 Bd6 27. Ne5 Bxe5 28. Bxe5 Nd6 29. Bxd6 Rxd6 30. b7 1-0

[Event "Milan Crespi op-A 30th"]
[Site "Milan"]
[Date "2009.12.08"]
[Round "5"]
[White "Rota, Simone"]
[Black "Burlando, Alessandro"]
[Result "1-0"]
[WhiteElo "1992"]
[BlackElo "2178"]
[PlyCount "77"]
[EventDate "2009.12.05"]
[EventType "swiss"]
[EventRounds "9"]
[EventCountry "ITA"]
[SourceTitle "EXT 2012"]
[Source "ChessBase"]
[SourceDate "2011.11.24"]
[SourceVersion "1"]
[SourceVersionDate "2011.11.24"]
[SourceQuality "1"]

1. d4 Nf6 2. c4 g6 3. Nc3 Bg7 4. e4 d6 5. Nf3 0-0 6. Be2 e5 7. 0-0 Nc6 8. d5 Ne7 9. Ne1 Nd7 10. Be3 f5 11. f3 f4 12. Bf2 g5 13. a4 Nf6 14. a5 h5 15. c5 g4 16. cxd6 cxd6 17. Nb5 g3 18. Bxa7 Rxa7 19. Nxa7 Bd7 20. Bb5 Qa8 21. Nc6 bxc6 22. dxc6 gxh2+ 23. Kxh2 Bxc6 24. Bxc6 Qxc6 25. Rf2 Qd7 26. a6 Ra8 27. Rd2 Ne8 28. Qb3+ Kh7 29. Qb7 Qxb7 30. axb7 Rb8 31. Ra8 Rxb7 32. Rxe8 Kg6 33. Rd8 Kf7 34. R8xd6 Bf6 35. Nd3 Rb5 36. b4 Rb8 37. Ra2 Rb7 38. Ra5 Ng6 39. Raa6 1-0

[Event "ITA-ch sf 69th"]
[Site "Arvier"]
[Date "2009.09.30"]
[Round "5"]
[White "Vezzosi, Paolo"]
[Black "Rota, Simone"]
[Result "1/2-1/2"]
[WhiteElo "2381"]
[BlackElo "2025"]
[PlyCount "46"]
[EventDate "2009.09.26"]
[EventType "swiss"]
[EventRounds "9"]
[EventCountry "ITA"]
[SourceTitle "CBM 132 Extra"]
[Source "ChessBase"]
[SourceDate "2009.11.03"]
[SourceVersion "1"]
[SourceVersionDate "2009.11.03"]
[SourceQuality "1"]

1. d4 d5 2. Nf3 Nf6 3. c4 e6 4. Nc3 c6 5. e3 Nbd7 6. Qc2 Bd6 7. Be2 dxc4 8. Bxc4 b5 9. Be2 Bb7 10. 0-0 0-0 11. Ne4 Nxe4 12. Qxe4 Rb8 13. Bd3 g6 14. Rd1 c5 15. Qg4 c4 16. Bc2 f5 17. Qh3 Qf6 18. Bd2 g5 19. Qh5 h6 20. h3 Qg7 21. Nh2 Nf6 22. Qe2 h5 23. f4 g4 1/2-1/2

[Event "Crema op 11th"]
[Site "Crema"]
[Date "2009.09.06"]
[Round "6"]
[White "Rota, Simone"]
[Black "Carletti, Angelo"]
[Result "1-0"]
[WhiteElo "2025"]
[BlackElo "1565"]
[PlyCount "83"]
[EventDate "2009.09.04"]
[EventType "swiss"]
[EventRounds "6"]
[EventCountry "ITA"]
[SourceTitle "EXT 2011"]
[Source "ChessBase"]
[SourceDate "2010.11.26"]
[SourceVersion "1"]
[SourceVersionDate "2010.11.26"]
[SourceQuality "1"]

1. d4 d5 2. c4 c6 3. Nc3 e6 4. Nf3 Nf6 5. e3 Nbd7 6. Qc2 Bd6 7. Be2 dxc4 8. Bxc4 b5 9. Bd3 Bb7 10. Ne4 Nxe4 11. Bxe4 Nf6 12. Bxc6+ Bxc6 13. Qxc6+ Ke7 14. Qxb5 Rb8 15. Qd3 Bb4+ 16. Nd2 Bxd2+ 17. Bxd2 Qb6 18. Bc3 Rhc8 19. 0-0 Rc7 20. e4 h6 21. a3 a5 22. Rac1 Rbc8 23. Rfe1 Kf8 24. h3 Kg8 25. Qd2 Qa7 26. d5 exd5 27. Bxf6 Rxc1 28. Rxc1 Rxc1+ 29. Qxc1 gxf6 30. Qc8+ Kg7 31. Qg4+ Kf8 32. exd5 Ke7 33. Qc4 Qb6 34. b4 axb4 35. Qxb4+ Qxb4 36. axb4 Kd6 37. Kh2 Kxd5 38. Kg3 Kc4 39. Kf4 Kxb4 40. Kf5 Kc4 41. Kxf6 Kd3 42. Kxf7 1-0

[Event "Crema op 11th"]
[Site "Crema"]
[Date "2009.09.05"]
[Round "4"]
[White "Rota, Simone"]
[Black "Pinna, Ferdinando"]
[Result "1/2-1/2"]
[WhiteElo "2025"]
[BlackElo "1818"]
[PlyCount "59"]
[EventDate "2009.09.04"]
[EventType "swiss"]
[EventRounds "6"]
[EventCountry "ITA"]
[SourceTitle "EXT 2011"]
[Source "ChessBase"]
[SourceDate "2010.11.26"]
[SourceVersion "1"]
[SourceVersionDate "2010.11.26"]
[SourceQuality "1"]

1. d4 Nf6 2. Nf3 g6 3. g3 d5 4. Bg2 Bg7 5. 0-0 0-0 6. Nbd2 Bf5 7. Nh4 Bg4 8. h3 Bd7 9. c3 e6 10. Nhf3 Qe7 11. Ne5 c5 12. Ndf3 cxd4 13. Nxd4 Nc6 14. Ndxc6 Bxc6 15. Be3 Nd7 16. Nd3 Rfe8 17. Rc1 b5 18. Qb3 a5 19. a3 Qd6 20. Rfd1 Rac8 21. Ne1 Ne5 22. Bf4 Qe7 23. Bxe5 Bxe5 24. Nf3 Bg7 25. e3 Qb7 26. Nd4 Rc7 27. Bf1 Rb8 28. Nc2 Qc8 29. Qa2 Bd7 30. Qb1 1/2-1/2

[Event "Crema op 11th"]
[Site "Crema"]
[Date "2009.09.04"]
[Round "1"]
[White "Petrone, Gianmario"]
[Black "Rota, Simone"]
[Result "0-1"]
[WhiteElo "1752"]
[BlackElo "2025"]
[PlyCount "56"]
[EventDate "2009.09.04"]
[EventType "swiss"]
[EventRounds "6"]
[EventCountry "ITA"]
[SourceTitle "EXT 2011"]
[Source "ChessBase"]
[SourceDate "2010.11.26"]
[SourceVersion "1"]
[SourceVersionDate "2010.11.26"]
[SourceQuality "1"]

1. e4 c5 2. Nf3 d6 3. d4 cxd4 4. Nxd4 Nf6 5. Nc3 e6 6. Bb5+ Bd7 7. Bxd7+ Qxd7 8. 0-0 a6 9. Re1 Be7 10. Bg5 0-0 11. Nf3 Qc7 12. Qe2 Nc6 13. a3 Rac8 14. Rad1 Rfd8 15. h3 b5 16. e5 dxe5 17. Rxd8+ Rxd8 18. Nxe5 Nd4 19. Qd3 Nf5 20. Qf3 Nd4 21. Qd3 Nc6 22. Qe3 Nxe5 23. Qxe5 Qc6 24. Rc1 h6 25. Be3 Bd6 26. Qd4 Bh2+ 27. Kxh2 Rxd4 28. Bxd4 Qd6+ 0-1